[Event "Politiken Cup 35th"]
[White "Endresen, Ola Torstein"]
[Black "Rasmussen, Morten Fredsgaard"]
[Site "Helsingor"]
[Round "8"]
[Result "0-1"]
[Date "2013.08.02"]
[WhiteElo "1399"]
[BlackElo "1920"]
[PlyCount "104"]
[EventDate "2013.07.27"]
[EventType "swiss"]
[EventRounds "10"]
[EventCountry "DEN"]
[SourceTitle "CBM 155 Extra"]
[Source "ChessBase"]
[SourceDate "2013.08.26"]
[SourceVersion "1"]
[SourceVersionDate "2013.08.26"]
[SourceQuality "1"]

1. d4 d5 2. Nc3 c6 3. Bg5 Qb6 4. Rb1 Bf5 5. e3 Nd7 6. Bd3 e6 7. Nf3 Ngf6 8. 0-0 Bd6 9. Re1 0-0 10. Nh4 Be4 11. f4 c5 12. Bxf6 Nxf6 13. Nf3 Bxf3 14. dxc5 Bxd1 15. cxb6 Bh5 16. Nb5 Bc5 17. bxa7 Bg6 18. b4 Bxa7 19. h3 Ne4 20. a4 Rfc8 21. a5 Nc3 22. Nxa7 Rxa7 23. Rb3 Kf8 24. Ra1 Bxd3 25. cxd3 Nb5 26. Rb2 Rc3 27. Rd1 Ra8 28. Kf2 Rac8 29. Kf3 Ke7 30. h4 Ra3 31. g4 Rcc3 32. Ke2 Rcb3 33. Rdd2 Nc3+ 34. Kf3 Na4 35. Ra2 Rxa2 36. Rxa2 Rxb4 37. d4 Nb2 38. a6 bxa6 39. Rxa6 Rb7 40. Ra8 Nc4 41. Rg8 g6 42. Rh8 Rb3 43. Rxh7 Rxe3+ 44. Kf2 Re4 45. h5 gxh5 46. gxh5 Rxf4+ 47. Kg3 Rxd4 48. h6 Ne5 49. Rh8 Rg4+ 50. Kh3 Ng6 51. Rh7 Rh4+ 52. Kg3 d4 0-1

[Event "DEN-ch G5-A"]
[White "Bjerre, Tavs"]
[Black "Rasmussen, Morten Fredsgaard"]
[Site "Helsingor"]
[Round "5"]
[Result "1/2-1/2"]
[Date "2013.04.01"]
[WhiteElo "2003"]
[BlackElo "1912"]
[PlyCount "44"]
[EventDate "2013.03.28"]
[EventType "swiss"]
[EventRounds "5"]
[EventCountry "DEN"]
[SourceTitle "EXT 2023"]
[Source "ChessBase"]
[SourceDate "2022.10.05"]
[SourceVersion "1"]
[SourceVersionDate "2022.10.05"]
[SourceQuality "1"]

1. d4 d5 2. c4 c6 3. Nf3 Nf6 4. e3 Na6 5. Nc3 Nc7 6. b3 Bg4 7. h3 Bh5 8. Bb2 e6 9. g4 Bg6 10. Ne5 Nd7 11. Nxg6 hxg6 12. Bg2 f5 13. Ne2 Bb4+ 14. Bc3 Bxc3+ 15. Nxc3 Qg5 16. Qf3 Nf6 17. Qg3 0-0-0 18. f4 Qh4 19. Qxh4 Rxh4 20. g5 Ne4 21. Bxe4 dxe4 22. Kf2 Rdh8 1/2-1/2